Score 0/24 Timer 06:00
1 Play Today
Hint Answer % Correct
Kung Fu Panda
97.5%
Ice Age
96.9%
The Angry Birds Movie
96.2%
Jaws
96.1%
Alvin and the Chipmunks
93.4%
Happy Feet
93.1%
Life of Pi
92.8%
Madagascar
91.3%
Babe
88.9%
Ratatouille
88.1%
Stuart Little
87.2%
The Chronicles of Narnia: The Lion, the Witch and the Wardrobe
86.8%
Hint Answer % Correct
Teenage Mutant Ninja Turtles
85.2%
Paddington
84%
Yogi Bear
79.8%
Zootopia
79.5%
Bee Movie
77.8%
Chicken Little
68.9%
March of the Penguins
59.7%
Fantastic Mr. Fox
55.3%
Hop
47.4%
G-Force
40%
10,000 BC
32%
Eight Below
27.4%
Remove Ads.
Support Sporcle.
Get the best of Sporcle when you Go Orange. This ad-free experience offers more features, more stats, and more fun while also helping to support Sporcle. Thank you for becoming a member.

You're not logged in!

Compare scores with friends on all Sporcle quizzes.
OR
Log In

Show Comments

Extras

Top Quizzes Today


Score Distribution

Your Account Isn't Verified!

In order to create a playlist on Sporcle, you need to verify the email address you used during registration. Go to your Sporcle Settings to finish the process.

Report this User

Report this user for behavior that violates our Community Guidelines.

Details: